| 000 | 00978 a2200229 4500 | ||
|---|---|---|---|
| 005 | 20180712131607.0 | ||
| 008 | 080822t xxu||||| |||| 00| 0 eng d | ||
| 010 | _aENG-87870 | ||
| 020 |
_a8180545938 _c250.00 |
||
| 035 | _aEN-71403,B-274981 | ||
| 037 | _bDBAD / PUB | ||
| 082 | _a338.954 | ||
| 100 |
_aAdhikary, M. _944492 |
||
| 245 |
_aEconomic environment of business: _b(theory and the Indian case) / _cby M. Adhikary |
||
| 250 | _a11th rev. ed. | ||
| 260 |
_aNew Delhi _bSultan Chand & Sons _c2007 _c2008 (repr) |
||
| 270 |
_a23, Darya Ganj, _bNew Delhi _e110 002 |
||
| 300 |
_axi, 840p. _c24cm (pbk ) |
||
| 942 |
_adpl _cEN _k338.954 / ADH _2ddc _h338.954 _mADH |
||
| 999 |
_c7228 _d7228 |
||